<?xml version="1.0" encoding="UTF-8"?><?xml-stylesheet type="text/xsl" href="static/style.xsl"?><OAI-PMH xmlns="http://www.openarchives.org/OAI/2.0/" xmlns:xsi="http://www.w3.org/2001/XMLSchema-instance" xsi:schemaLocation="http://www.openarchives.org/OAI/2.0/ http://www.openarchives.org/OAI/2.0/OAI-PMH.xsd"><responseDate>2026-04-30T01:34:28Z</responseDate><request verb="GetRecord" identifier="oai:riubu.ubu.es:10259/10278" metadataPrefix="marc">https://riubu.ubu.es/oai/request</request><GetRecord><record><header><identifier>oai:riubu.ubu.es:10259/10278</identifier><datestamp>2025-03-05T01:05:28Z</datestamp><setSpec>com_10259_2728</setSpec><setSpec>col_10259_4850</setSpec></header><metadata><record xmlns="http://www.loc.gov/MARC21/slim" xmlns:doc="http://www.lyncode.com/xoai" xmlns:xsi="http://www.w3.org/2001/XMLSchema-instance" xmlns:dcterms="http://purl.org/dc/terms/" xsi:schemaLocation="http://www.loc.gov/MARC21/slim http://www.loc.gov/standards/marcxml/schema/MARC21slim.xsd">
<leader>00925njm 22002777a 4500</leader>
<datafield tag="042" ind1=" " ind2=" ">
<subfield code="a">dc</subfield>
</datafield>
<datafield tag="720" ind1=" " ind2=" ">
<subfield code="a">García Pablos, Irene</subfield>
<subfield code="e">author</subfield>
</datafield>
<datafield tag="260" ind1=" " ind2=" ">
<subfield code="c">2025-02-13</subfield>
</datafield>
<datafield tag="520" ind1=" " ind2=" ">
<subfield code="a">Tanto las areniscas como las calizas son rocas utilizadas en edificación, y ambas pueden&#xd;
degradarse tanto por el uso, como por los agentes meteorológicos (humedad, ciclos de frío,&#xd;
etc.). En este trabajo se realiza un acercamiento a la utilidad de los hidrofugantes y&#xd;
consolidantes en el tratamiento preventivo de esos materiales de construcción para alargar su&#xd;
vida útil y evitar, en lo posible, tanto la degradación de las construcciones en sí, como la&#xd;
generación de residuos y la emisión de contaminantes.</subfield>
</datafield>
<datafield tag="520" ind1=" " ind2=" ">
<subfield code="a">Sandstones and limestones are rocks widely used in construction; however, both can be&#xd;
susceptible to degradation not only from regular use but also due to environmental factors such&#xd;
as humidity and freeze-thaw cycles. This project explores the potential of water repellents and&#xd;
consolidants as preventive treatments for these materials, aiming to enhance their durability&#xd;
while minimizing degradation, waste generation, and associated pollution emissions.</subfield>
</datafield>
<datafield tag="024" ind2=" " ind1="8">
<subfield code="a">http://hdl.handle.net/10259/10278</subfield>
</datafield>
<datafield ind1=" " ind2=" " tag="653">
<subfield code="a">Hidrofugante</subfield>
</datafield>
<datafield ind1=" " ind2=" " tag="653">
<subfield code="a">Consolidante</subfield>
</datafield>
<datafield ind1=" " ind2=" " tag="653">
<subfield code="a">Arenisca</subfield>
</datafield>
<datafield ind1=" " ind2=" " tag="653">
<subfield code="a">Caliza</subfield>
</datafield>
<datafield ind1=" " ind2=" " tag="653">
<subfield code="a">Ciclos hielo-deshielo</subfield>
</datafield>
<datafield ind1=" " ind2=" " tag="653">
<subfield code="a">Water repellent</subfield>
</datafield>
<datafield ind1=" " ind2=" " tag="653">
<subfield code="a">Consolidant</subfield>
</datafield>
<datafield ind1=" " ind2=" " tag="653">
<subfield code="a">Limestone</subfield>
</datafield>
<datafield ind1=" " ind2=" " tag="653">
<subfield code="a">Freeze-thaw cycles</subfield>
</datafield>
<datafield tag="245" ind1="0" ind2="0">
<subfield code="a">Reconstruir y proteger rocas de edificios históricos a partir de un puñado de materiales</subfield>
</datafield>
</record></metadata></record></GetRecord></OAI-PMH>